000 00598cam a2200205 4500500
005 20260405004010.0
041 _afre
042 _adc
100 1 0 _aMoreau, Denis
_eauthor
245 0 0 _aLa religion est-elle l’opium du peuple ?
260 _c2026.
500 _a33
690 _aCroyance
690 _aDenis Moreau
690 _aDrogue
690 _aKarl Marx
690 _aReligion
786 0 _nPhilosophie magazine | 197 | 2 | 2026-02-01 | p. 41-50 | 1951-1787
856 4 1 _uhttps://shs.cairn.info/magazine-philosophie-magazine-2026-2-page-41?lang=fr&redirect-ssocas=7080
999 _c2072775
_d2072775